Dictionary of Mary : (Record no. 5481)
[ view plain ]
| 000 -LEADER | |
|---|---|
| fixed length control field | 01013cam a2200217 a 4500 |
| 001 - CONTROL NUMBER | |
| control field | 0000005700 |
| 005 - DATE AND TIME OF LATEST TRANSACTION | |
| control field | 20170406120926.0 |
| 008 - FIXED-LENGTH DATA ELEMENTS--GENERAL INFORMATION | |
| fixed length control field | 850426s1985 nyuaf di 000 0 eng |
| 010 ## - LIBRARY OF CONGRESS CONTROL NUMBER | |
| LC control number | 85148507 |
| 035 ## - SYSTEM CONTROL NUMBER | |
| -- | (DLC) 85148507 |
| 040 ## - CATALOGING SOURCE | |
| Original cataloging agency | DLC |
| Transcribing agency | DLC |
| Modifying agency | DLC |
| 041 1# - LANGUAGE CODE | |
| Language code of text/sound track or separate title | engfre |
| 050 00 - LIBRARY OF CONGRESS CALL NUMBER | |
| Classification number | BT599 |
| Item number | .D53 1985 |
| 082 00 - DEWEY DECIMAL CLASSIFICATION NUMBER | |
| Classification number | 232.91/03/21 |
| Edition number | 19 |
| 245 00 - TITLE STATEMENT | |
| Title | Dictionary of Mary : |
| Remainder of title | "behold your Mother". |
| 260 ## - PUBLICATION, DISTRIBUTION, ETC. | |
| Place of publication, distribution, etc. | New York : |
| Name of publisher, distributor, etc. | Catholic Book Pub. Co., |
| Date of publication, distribution, etc. | c1985. |
| 300 ## - PHYSICAL DESCRIPTION | |
| Extent | 416 p., [1] leaf of plates : |
| Other physical details | ill. ; |
| Dimensions | 21 cm. |
| 500 ## - GENERAL NOTE | |
| General note | "A greatly expanded version of a work originally written by members of the Editorial Committee of the French magazine Cahiers Marials (Marian Notes) under the general direction of Father Alphonse Bossard, S.M.M. ... English translation was made by the Rev. John Otto. (Material included from the Italian edition was translated by Anthony Buono.)"--T.p. verso. |
| 600 00 - SUBJECT ADDED ENTRY--PERSONAL NAME | |
| Personal name | Mary, |
| Titles and other words associated with a name | Blessed Virgin, Saint |
| General subdivision | Dictionaries |
| -- | Indexes. |
| 852 1# - LOCATION | |
| -- | P.30.00USD |
| 908 ## - PUT COMMAND PARAMETER (RLIN) | |
| Put command parameter | 150303 |
| Withdrawn status | Lost status | Source of classification or shelving scheme | Damaged status | Not for loan | Home library | Current library | Shelving location | Date acquired | Total Checkouts | Full call number | Barcode | Date last seen | Date last checked out | Copy number | Price effective from | Koha item type |
|---|---|---|---|---|---|---|---|---|---|---|---|---|---|---|---|---|
| CUZ Harare Campus | CUZ Harare Campus | Open Shelf | 06.04.2017 | 1 | BT 599. D53. | BK0006943 | 22.05.2025 | 18.02.2020 | CU12964 | 06.04.2017 | OS Book |